Конфликт интерпретаций. Очерки о герменевтике: пер. с фр.

Bibliografiset tiedot
Päätekijä: Рикёр П. Поль
Yhteisötekijä: Российская академия наук (РАН) Институт философии (ИФ)
Yhteenveto:Книга виднейшего философа современности Поля Рикёра «Конфликт интерпретаций», полный перевод которой представлен в этом издании, знакомит читателя не только с оригинальным толкованием текстов Фрейда, Ницше, Маркса, Хайдеггера, Бультмана, но и дает представление о методологическом подходе, свойственном феноменологической герменевтике, ведущим представителем которой является Рикёр.
Kieli:venäjä
Julkaistu: Москва, Академический проект, 2008
Sarja:Философские технологии
Aiheet:
Aineistotyyppi: MixedMaterials Kirja
KOHA link:https://koha.lib.tpu.ru/cgi-bin/koha/opac-detail.pl?biblionumber=144759

MARC

LEADER 00000nam0a2200000 4500
001 144759
005 20231101221121.0
010 |a 9785829110253 
035 |a (RuTPU)RU\TPU\book\156892 
090 |a 144759 
100 |a 20081008d2008 km y0rusy50 ca 
101 1 |a rus  |c fre 
102 |a RU 
105 |a a z 001zy 
200 1 |a Конфликт интерпретаций. Очерки о герменевтике  |e пер. с фр.  |f П. Рикер  |g Российская академия наук (РАН), Институт философии (ИФ) 
210 |a Москва  |c Академический проект  |d 2008 
215 |a 695 с. 
225 1 |a Философские технологии 
320 |a Библиогр.: с. 663-668. 
320 |a Указатель имен: с. 686-693. 
330 |a Книга виднейшего философа современности Поля Рикёра «Конфликт интерпретаций», полный перевод которой представлен в этом издании, знакомит читателя не только с оригинальным толкованием текстов Фрейда, Ницше, Маркса, Хайдеггера, Бультмана, но и дает представление о методологическом подходе, свойственном феноменологической герменевтике, ведущим представителем которой является Рикёр. 
606 1 |a Герменевтика  |2 stltpush  |3 (RuTPU)RU\TPU\subj\6351  |9 34260 
606 1 |a Французская философия  |x История  |z вторая половина 19-20 в. в.  |2 stltpush  |3 (RuTPU)RU\TPU\subj\64341  |9 81247 
610 1 |a философия 
610 1 |a история 
610 1 |a 20 век 
610 1 |a феноменология 
610 1 |a феноменологический анализ 
610 1 |a феноменологическая герменевтика 
610 1 |a структурализм 
610 1 |a психоанализ 
610 1 |a психоанализ Фрейда 
610 1 |a интерпретация 
610 1 |a семиология 
610 1 |a символы 
610 1 |a философская рефлексия 
610 1 |a религиозная философия 
686 |a Ю3(0)6  |v LBC/SL-A  |2 rubbk 
686 |a Ю3(4Фр)6  |v LBC/SL-A  |2 rubbk 
700 1 |a Рикёр  |b П.  |c французский философ  |f 1913-2005  |g Поль  |2 stltpush  |3 (RuTPU)RU\TPU\pers\14334  |9 4727 
712 0 2 |a Российская академия наук (РАН)  |b Институт философии (ИФ)  |2 stltpush  |3 (RuTPU)RU\TPU\col\147 
801 1 |a RU  |b 63413507  |c 20081008  |g PSBO 
801 2 |a RU  |b 63413507  |c 20141118  |g RCR 
942 |c BK 
959 |a 88/20081006  |d 1  |e 200,00  |f ЧЗГЛ:1 
959 |a 111/20091027  |d 1  |e 320,00  |f ЧЗГЛ:1